Văn hóa công sở

Guardado en:
Detalles Bibliográficos
Formato: Libro
Lenguaje:Undetermined
Publicado: Hà Nội Phụ nữ 2005
Materias:
Etiquetas: Agregar Etiqueta
Sin Etiquetas, Sea el primero en etiquetar este registro!
Thư viện lưu trữ: Trung tâm Học liệu Trường Đại học Cần Thơ
LEADER 00494nam a2200181Ia 4500
001 CTU_96304
008 210402s9999 xx 000 0 und d
020 |c 19000 
082 |a 305.23 
082 |b V115 
245 0 |a Văn hóa công sở 
245 0 |c Nhiều tác gỉa 
260 |a Hà Nội 
260 |b Phụ nữ 
260 |c 2005 
650 |a Interpersonal relations,Social interaction 
904 |i Tuyến 
980 |a Trung tâm Học liệu Trường Đại học Cần Thơ